MARC details
| 000 -LEADER |
| fixed length control field |
04510nam a2200541Ka 4500 |
| 001 - CONTROL NUMBER |
| control field |
ocn646899488 |
| 003 - CONTROL NUMBER IDENTIFIER |
| control field |
OCoLC |
| 005 - DATE AND TIME OF LATEST TRANSACTION |
| control field |
20210303085417.0 |
| 006 - FIXED-LENGTH DATA ELEMENTS--ADDITIONAL MATERIAL CHARACTERISTICS |
| fixed length control field |
m d |
| 007 - PHYSICAL DESCRIPTION FIXED FIELD--GENERAL INFORMATION |
| fixed length control field |
cr un||||||||| |
| 008 - FIXED-LENGTH DATA ELEMENTS--GENERAL INFORMATION |
| fixed length control field |
100712s2002 ne a ob 000 0 eng d |
| 020 ## - INTERNATIONAL STANDARD BOOK NUMBER |
| International Standard Book Number |
9781849501675 (electronic bk.) : |
| Terms of availability |
£70.95 ; € 102.95 ; $131.95 |
| 020 ## - INTERNATIONAL STANDARD BOOK NUMBER |
| International Standard Book Number |
184950167X (electronic bk.) : |
| Terms of availability |
£70.95 ; € 102.95 ; $131.95 |
| 020 ## - INTERNATIONAL STANDARD BOOK NUMBER |
| Canceled/invalid ISBN |
9780762309504 (hbk.) |
| 020 ## - INTERNATIONAL STANDARD BOOK NUMBER |
| Canceled/invalid ISBN |
0762309504 (hbk.) |
| 040 ## - CATALOGING SOURCE |
| Original cataloging agency |
ZJC |
| Language of cataloging |
eng |
| Transcribing agency |
ZJC |
| 050 14 - LIBRARY OF CONGRESS CALL NUMBER |
| Classification number |
HF5823 |
| Item number |
.N49 2002 |
| 072 #7 - SUBJECT CATEGORY CODE |
| Subject category code |
KJSA |
| Source |
bicssc |
| 072 #7 - SUBJECT CATEGORY CODE |
| Subject category code |
KNTY |
| Source |
bicssc |
| 072 #7 - SUBJECT CATEGORY CODE |
| Subject category code |
KJSM |
| Source |
bicssc |
| 072 #7 - SUBJECT CATEGORY CODE |
| Subject category code |
KJK |
| Source |
bicssc |
| 072 #7 - SUBJECT CATEGORY CODE |
| Subject category code |
BUS002000 |
| Source |
bisacsh |
| 072 #7 - SUBJECT CATEGORY CODE |
| Subject category code |
BUS043030 |
| Source |
bisacsh |
| 080 ## - UNIVERSAL DECIMAL CLASSIFICATION NUMBER |
| Universal Decimal Classification number |
339.5 |
| 082 04 - DEWEY DECIMAL CLASSIFICATION NUMBER |
| Classification number |
659.1072 |
| Edition number |
22 |
| 245 00 - TITLE STATEMENT |
| Title |
New directions in international advertising research |
| Medium |
[electronic resource] / |
| Statement of responsibility, etc. |
edited by Charles R. Taylor. |
| 260 ## - PUBLICATION, DISTRIBUTION, ETC. |
| Place of publication, distribution, etc. |
Amsterdam ; |
| -- |
Boston : |
| Name of publisher, distributor, etc. |
JAI, |
| Date of publication, distribution, etc. |
2002. |
| 300 ## - PHYSICAL DESCRIPTION |
| Extent |
1 online resource (xi, 280 p.) : |
| Other physical details |
ill. |
| 490 1# - SERIES STATEMENT |
| Series statement |
Advances in international marketing, |
| International Standard Serial Number |
1474-7979 ; |
| Volume/sequential designation |
v. 12 |
| 504 ## - BIBLIOGRAPHY, ETC. NOTE |
| Bibliography, etc. note |
Includes bibliographical references. |
| 505 0# - FORMATTED CONTENTS NOTE |
| Formatted contents note |
Introduction: new directions in international advertising research / Charles R. Taylor -- Achieving reliable and valid cross-cultural research results in content analysis / Gordon E. Miracle, Hae-Kyong Bang -- Towards the development of a scalar equivalent etic / Michael T. Ewing, Albert Caruana, Andy Teo -- Standardized vs. specialized international advertising campaigns: what we have learned from a academic research in the 1990s / Charles R. Taylor, Chad M. Johnson -- The association between process and program advertising standardization: an illustration of U.S. multinationals operating in India / Aruna Chandra, David A. Griffith, John K. Ryans -- Marketing/advertising concepts and principles in the international context: universal or unique? / Sak Onkvisit, John J. Shaw -- Creating a positive brand image with a local adaptation advertising strategy: the Hyundai Santa Fe / Mary Anne Raymond, Jong Won Lim -- Emotional and rational advertising messages in positive and negative Polish media contexts / Patrick De Pelsmacker, Dominika Maison, Maggie Geuens -- Advertising in the Czech Republic: Czech perceptions of effective advertising and advertising clutter / Charles R. Taylor, P. Greg Bonner, Michael Dolezal -- A cross-cultural examination of the environmental information on packaging: implications for advertisers / Michael Jay Polonsky, Les Carlson, Andrea Prothero, Dimitri Kapelianis -- Advertising, technology, and the digital divide: a global perspective / Ronald Paul Hill, Kanwalroop Kathy Dhanda -- Direct and indirect use of country of origin cues for hybrid and non-hybrid products / TaiWoong Yun, Wei-Na Lee, Trina Sego -- Possession and effects of power in advertising agency-client relationships in South Korea: a multi-level analysis / Changho Oh, Stephen Keysuk Kim -- Self-esteem, life-satisfaction and materialism: effects of advertising images on Chinese college students / Shuhua Zhou, Fei Xue, Peiqin Zhou -- Advertising communication in Australia: a comparison of information used by Australian, Japanese and U.S. firms / Cameron James Hughes, Michael Jay Polonsky. |
| 520 ## - SUMMARY, ETC. |
| Summary, etc. |
This book addresses the need to move international advertising in new directions by summarizing existing knowledge in several areas, reporting findings of new studies, and providing future research directions. It is aimed both at scholars who have an interest in international advertising research as well as international advertising practitioners. |
| 588 ## - SOURCE OF DESCRIPTION NOTE |
| Source of description note |
Description based on print version record. |
| 650 #0 - SUBJECT ADDED ENTRY--TOPICAL TERM |
| Topical term or geographic name entry element |
Advertising |
| General subdivision |
Research. |
| 650 #0 - SUBJECT ADDED ENTRY--TOPICAL TERM |
| Topical term or geographic name entry element |
Advertising |
| Form subdivision |
Cross-cultural studies. |
| 650 #0 - SUBJECT ADDED ENTRY--TOPICAL TERM |
| Topical term or geographic name entry element |
Marketing research. |
| 650 #7 - SUBJECT ADDED ENTRY--TOPICAL TERM |
| Topical term or geographic name entry element |
Advertising. |
| Source of heading or term |
bicssc |
| 650 #7 - SUBJECT ADDED ENTRY--TOPICAL TERM |
| Topical term or geographic name entry element |
Advertising industry. |
| Source of heading or term |
bicssc |
| 650 #7 - SUBJECT ADDED ENTRY--TOPICAL TERM |
| Topical term or geographic name entry element |
Market research. |
| Source of heading or term |
bicssc |
| 650 #7 - SUBJECT ADDED ENTRY--TOPICAL TERM |
| Topical term or geographic name entry element |
International business. |
| Source of heading or term |
bicssc |
| 650 #7 - SUBJECT ADDED ENTRY--TOPICAL TERM |
| Topical term or geographic name entry element |
Business & Economics |
| General subdivision |
Advertising & Promotion. |
| Source of heading or term |
bisacsh |
| 650 #7 - SUBJECT ADDED ENTRY--TOPICAL TERM |
| Topical term or geographic name entry element |
Business & Economics |
| General subdivision |
International |
| -- |
Marketing. |
| Source of heading or term |
bisacsh |
| 700 1# - ADDED ENTRY--PERSONAL NAME |
| Personal name |
Taylor, Charles R., |
| Dates associated with a name |
1961- |
| 776 08 - ADDITIONAL PHYSICAL FORM ENTRY |
| Relationship information |
Print version: |
| Title |
New directions in international advertising research. |
| Place, publisher, and date of publication |
Amsterdam ; Boston : JAI, 2002 |
| International Standard Book Number |
0762309504 |
| Record control number |
(DLC) 2002029980 |
| -- |
(OCoLC)50447908 |
| 830 #0 - SERIES ADDED ENTRY--UNIFORM TITLE |
| Uniform title |
Advances in international marketing ; |
| Volume/sequential designation |
v. 12. |
| 856 40 - ELECTRONIC LOCATION AND ACCESS |
| Uniform Resource Identifier |
<a href="https://www.emerald.com/insight/publication/doi/10.1016/S1474-7979(2002)12">https://www.emerald.com/insight/publication/doi/10.1016/S1474-7979(2002)12</a> |
| 913 ## - |
| -- |
BMEbacklist |